Lederstrumpf-erzèahlungen / (Record no. 47682)

MARC details
000 -LEADER
campo de control de longitud fija 00634nam a2200181 i 4500
001 - NÚMERO DE CONTROL
campo de control 47682
003 - IDENTIFICADOR DE NÚMERO DE CONTROL
campo de control ES-MaACL
005 - FECHA Y HORA DE LA ÚLTIMA TRANSACCIÓN
campo de control 20230906161617.0
007 - CAMPO FIJO DE DESCRIPCIÓN FÍSICA--INFORMACIÓN GENERAL
campo de control de longitud fija t|
008 - DATOS DE LONGITUD FIJA--INFORMACIÓN GENERAL
campo de control de longitud fija 030519n19001999gw ||||1| ger d
100 1# - ENTRADA PRINCIPAL--NOMBRE DE PERSONA
Nombre de persona Cooper, James Fenimore.
9 (RLIN) 40390
245 10 - MENCIÓN DEL TÍTULO
Título Lederstrumpf-erzèahlungen /
Mención de responsabilidad, etc. James Fenimore Cooper ; überstzt und bearbeitet von K. Kühlewein mit 5 farbigen und 100 schwarzen bildern von Leo Bauer.
260 ## - PUBLICACIÓN, DISTRIBUCIÓN, ETC.
Lugar de publicación, distribución, etc. Stuttgart :
Nombre del editor, distribuidor, etc. K. Thienemanns,
Fecha de publicación, distribución, etc. [19--]
300 ## - DESCRIPCIÓN FÍSICA
Extensión 560 p. [5] h. lám. :
Otras características físicas il. ;
Dimensiones 21 cm.
700 1# - ENTRADA AGREGADA--NOMBRE PERSONAL
Nombre de persona Kühlewein, K.
9 (RLIN) 68970
700 1# - ENTRADA AGREGADA--NOMBRE PERSONAL
Nombre de persona Bauer, Leo.
9 (RLIN) 26557
852 ## - LOCALIZACIÓN
Ubicación ES-MaACL
Número de control de estantería A-4844
Sublocalización o colección R.16786
Holdings
Estatus retirado Estado de pérdida Estado de daño No para préstamo Colección Biblioteca de origen Biblioteca actual Ubicación en estantería Fecha de adquisición Fuente de adquisición Total de préstamos Signatura topográfica completa Código de barras Visto por última vez Precio de reemplazo Tipo de ítem Koha
        Libros del s. XIX Biblioteca del Ateneo de Madrid Biblioteca del Ateneo de Madrid Sala Pecera Planta 1 17/01/2008     A-4844 1050173 23/02/2023 23/02/2023 Libro impreso antiguo